banner-ar

محاسبة المنشأت المالية فى محاسبة شركات التأمين / (Record no. 42024)

MARC details
000 -الفاتح
حقل البيانات ثابتة الطول 00591nam a2200193Ia 4500
008 - عناصر البيانات ثابتة الطول - معلومات عامة
حقل البيانات ثابتة الطول 140319s9999 xx 000 0 ara d
040 ## - مصدر الفهرسة
وكالة الفهرسة الأصلية GCL /
وكالة النسخ GCL
082 04 - رقم تصنيف ديوى العشرى
رقم التصنيف 657.836
رقم المادة خ م
100 1# - المدخل الرئيسى - إسم شخصى
الإسم الشخصى خيرت ضيف
245 10 - بيان العنوان
العنوان محاسبة المنشأت المالية فى محاسبة شركات التأمين /
بيان المسئوليه,etc خيرت ضيف
300 ## - الوصف المادى
التعداد 152 ص
490 ## - بيان السلسلة
عنوان السلسلة كتاب
رقم المجلد/ التعيين التسلسلي 0
650 04 - المدخل الاضافى بالموضوع-مصطلح موضوعى
مصطلح موضوعي مراجعة الحسابات
650 04 - المدخل الاضافى بالموضوع-مصطلح موضوعى
مصطلح موضوعي المحاسبة
650 04 - المدخل الاضافى بالموضوع-مصطلح موضوعى
مصطلح موضوعي شركات التامين
650 04 - المدخل الاضافى بالموضوع-مصطلح موضوعى
مصطلح موضوعي شركات التأمين - محاسبة
942 ## - عناصر المدخل الإضافي( كوها)
مصدر التصنيف او مخطط الترفيف Dewey Decimal Classification
Koha [default] item type كتاب
Holdings
حالة التراجع حالة الفقد حالة تلف ليس للاعارة المكان المؤقت الموقع الحالى تاريخ الاكتساب اجمالي اﻻعارات رقم الطلب الباركود تاريخ اخر مشاهدة تاريخ تفعيل السعر نوع وعاء كوها
        مكتبة القاهرة الكبرى مكتبة القاهرة الكبرى 03/26/2014   657.836\خ م 101566 03/26/2014 03/26/2014 كتاب

Powered By

EGPV